[Event "Trophee CCAS FRA Groupe B"]
[Site "Cap Agde FRA"]
[Date "2008.10.27"]
[Round "4"]
[White "Feller, Sebastien"]
[Black "Karpov, Anatoly"]
[Result "0-1"]
[WhiteElo "2526"]
[BlackElo "2651"]
[PlyCount "106"]
[EventDate "2008.??.??"]
[EventCountry "FRA"]

1. d4 d5 2. c4 e6 3. Nc3 Be7 4. Nf3 Nf6 5. Bg5 h6 6. Bxf6 Bxf6 7. e3 O-O 8. Qb3
c6 9. Bd3 Nd7 10. O-O b6 11. Rad1 Qc7 12. e4 dxe4 13. Nxe4 Be7 14. Bb1 Rd8 15.
Qc2 Nf8 16. c5 Rb8 17. Rd2 Rd5 18. b4 bxc5 19. bxc5 Ba6 20. Rfd1 Qa5 21. Ne5
Rc8 22. Qc3 Qc7 23. Qa3 Bb5 24. Nc3 Rdd8 25. Nxb5 cxb5 26. Nf3 a5 27. Bd3 Rb8
28. Qb3 b4 29. Bc4 Bf6 30. Qa4 Ng6 31. Qc2 Ne7 32. Qe4 a4 33. Bd3 g6 34. h4 h5
35. g4 hxg4 36. Qxg4 Rd5 37. Kg2 Rh5 38. Be4 Nd5 39. Bxd5 Rxd5 40. Re2 b3 41.
axb3 axb3 42. Qg3 Qc8 43. Ne5 b2 44. Rb1 Bxe5 45. dxe5 Qxc5 46. Rbxb2 Rxb2 47.
Rxb2 Rxe5 48. Rb3 Rf5 49. Rd3 Qc6+ 50. Kg1 Rc5 51. Rd1 Qe4 52. Ra1 Kh7 53. Kh2
Rh5 0-1